000 01041nam a2200229 i 4500
001 24139
003 ES-MaACL
005 20250927105022.0
007 t|
008 021216s1920 fr ||||1| fre d
245 0 0 _aAnthologie du Félibrige provençal
_b: 1850 à nos jours : poésie, textes choisis accompagnés de la traduction littérale en regard, de notices bio-bibliographiques, de nombreux autographes et de la musique des chansons les plus connues.
_n[T1],
_pLes fondateurs du félibrige et les premiers félibres] / par Ch.-P. Julian et F. Fontan.
260 _aParís :
_bDelagrave,
_c1920 (
_eVillafranche de Romerge :
_fDelagrave)
300 _a451 p. :
_bmúsica, fac-sim. de autográfos ;
_c17 cm.
490 1 _aCollection Pallas
500 _aTexto occitano y traducción al francés.
650 4 _aPoesías provenzales.
_9148458
700 1 _aJulian, Ch. P.
_967240
700 1 _aFontan, Pierre,
_d1882-1952
_9148462
830 0 _aCollection Pallas
_9180897
852 _aES-MaACL
_jD-9216
999 _c24139
_d24139